|
|
|
|
| LEADER |
02650nam a2200469 4500 |
| 001 |
978-3-540-69988-0 |
| 003 |
DE-He213 |
| 005 |
20191023122159.0 |
| 007 |
cr nn 008mamaa |
| 008 |
100730s1997 gw | s |||| 0|eng d |
| 020 |
|
|
|a 9783540699880
|9 978-3-540-69988-0
|
| 024 |
7 |
|
|a 10.1007/BFb0103398
|2 doi
|
| 040 |
|
|
|d GrThAP
|
| 050 |
|
4 |
|a QC173.45-173.458
|
| 072 |
|
7 |
|a PHF
|2 bicssc
|
| 072 |
|
7 |
|a SCI077000
|2 bisacsh
|
| 072 |
|
7 |
|a PHF
|2 thema
|
| 082 |
0 |
4 |
|a 530.41
|2 23
|
| 245 |
1 |
0 |
|a Hydrogen in Metals III
|h [electronic resource] :
|b Properties and Applications /
|c edited by Helmut Wipf.
|
| 250 |
|
|
|a 1st ed. 1997.
|
| 264 |
|
1 |
|a Berlin, Heidelberg :
|b Springer Berlin Heidelberg :
|b Imprint: Springer,
|c 1997.
|
| 300 |
|
|
|a XV, 351 p. 23 illus.
|b online resource.
|
| 336 |
|
|
|a text
|b txt
|2 rdacontent
|
| 337 |
|
|
|a computer
|b c
|2 rdamedia
|
| 338 |
|
|
|a online resource
|b cr
|2 rdacarrier
|
| 347 |
|
|
|a text file
|b PDF
|2 rda
|
| 490 |
1 |
|
|a Topics in Applied Physics,
|x 0303-4216 ;
|v 73
|
| 505 |
0 |
|
|a Theory of tunneling and diffusion of light interstitials in metals -- Diffusion of hydrogen in metals -- Nuclear magnetic resonance in metal hydrogen systems -- Neutron scattering studies of metal hydrogen systems -- Hydrogen related material problems -- Metal-Hydride technology: A critical review.
|
| 520 |
|
|
|a Hydrogen in Metals III is the fifth book in the series Topics in Applied Physics that discusses properties of metal-hydrogen systems. It considers results of both basic and application-oriented research, focusing on fields where recent progress was significant or where previous comprehensive reviews do not exist. The topics of the new volume are: the theoretical and the experimental status of hydrogen diffusion; nuclear magnetic resonance; neutron scattering; material problems caused by the hydrogen; application of metal hydrides for hydrogen storage and purification, for chemical engines, for hydrogen sensors, and for batteries and fuel cells.
|
| 650 |
|
0 |
|a Condensed matter.
|
| 650 |
1 |
4 |
|a Condensed Matter Physics.
|0 http://scigraph.springernature.com/things/product-market-codes/P25005
|
| 700 |
1 |
|
|a Wipf, Helmut.
|e editor.
|4 edt
|4 http://id.loc.gov/vocabulary/relators/edt
|
| 710 |
2 |
|
|a SpringerLink (Online service)
|
| 773 |
0 |
|
|t Springer eBooks
|
| 776 |
0 |
8 |
|i Printed edition:
|z 9783662309506
|
| 776 |
0 |
8 |
|i Printed edition:
|z 9783662309490
|
| 776 |
0 |
8 |
|i Printed edition:
|z 9783540616399
|
| 830 |
|
0 |
|a Topics in Applied Physics,
|x 0303-4216 ;
|v 73
|
| 856 |
4 |
0 |
|u https://doi.org/10.1007/BFb0103398
|z Full Text via HEAL-Link
|
| 912 |
|
|
|a ZDB-2-PHA
|
| 912 |
|
|
|a ZDB-2-BAE
|
| 950 |
|
|
|a Physics and Astronomy (Springer-11651)
|